000
00217 a2200097 4500
001
43187
100
_a
Tagore
245
_a
Later poems of tagore
260
_a
Bombay
_b
Asia publishing house
_c
090
_c
27033
_d
27033
942
_a
NUST-CAE
_c
M
_c
18929
999
_c
278260
_d
278260